000 01273cam a22003617a 4500
003 CHAP
005 20220329142316.0
008 000605d1999 mx b r 00110 spa d
010 _a81412
011 _a82384
035 _a92876
040 _cCHAP
090 _aTesis
100 0 0 _aCoyote Pedraza, Celso.
_928763
245 1 0 _aCaracterización agroecológica del municipio de Atzala, Pue.
_c/por Celso Coyote Pedraza
260 _aChapingo, Méx. :
_bEl autor,
_c2000.
300 _a180 h. :
_bmapas ; cuadros
502 _aTesis (Ing. Agr. Esp. en Fitotecnia) -- UACH. Departamento de Fitotecnia
590 _aALEPH
_b10
_c20130110
_lUCH01
_h1436
590 _aBATCH-UPD
_b10
_c20130110
_lUCH01
_h0650
590 _aBATCH-UPD
_b10
_c20130410
_lUCH01
_h0334
590 _aBATCH-UPD
_b10
_c20130914
_lUCH01
_h1055
590 _aCONVERSION
_b10
_c20130109
_lUCH01
_h1345
650 1 4 _aCultivos asociados.
_930370
650 1 4 _aEcología agrícola.
_935165
650 1 4 _aRecursos naturales
_xConservación
_xPuebla.
_995249
650 1 4 _aSilvicultura
_xPublicaciones periódicas.
_9106124
901 _aBK
905 _aGuadalupe Pinto C.
942 _cFOLL
949 _bBC
_cTES
_d33724000782322
_eTS2
_fc.2
_h36368
_i92876
_sb
949 _bBC
_cTES
_d928761
_eTS1
_h36367
_i92876
_sb
999 _c81412
_d81412